Kapitálový fond obchodnej spoločnosti obce

Obecné obchodné spoločnosti, najmä spoločnosti s ručením s obmedzeným obce, často nedisponujú dostatkom finančných prostriedkov na svoju činnosť. Je to, prirodzene, podmienené tým, že vykonávajú činnosti, ktoré samy osebe neprinášajú zisk, napríklad údržbu miestnych ciest, verejnej zelene, osvetleni...

Full description

Saved in:
Bibliographic Details
Main Author: Tekeli, Jozef
Format: Book Chapter
Language:Slovak
Subjects:
Tags: Add Tag
No Tags, Be the first to tag this record!

MARC

LEADER 00000naa a2200000 4500
001 0311793
005 20250805102828.8
041 0 |a slo 
044 |a SK 
245 1 0 |a Kapitálový fond obchodnej spoločnosti obce  |c Jozef Tekeli 
520 |a Obecné obchodné spoločnosti, najmä spoločnosti s ručením s obmedzeným obce, často nedisponujú dostatkom finančných prostriedkov na svoju činnosť. Je to, prirodzene, podmienené tým, že vykonávajú činnosti, ktoré samy osebe neprinášajú zisk, napríklad údržbu miestnych ciest, verejnej zelene, osvetlenia. Príspevok vymedzuje právny rámec, ako správne usporiadať finančný vzťah medzi obcou a komunálnou obchodnou spoločnosťou pri vklade do kapitálového fondu. 
610 2 0 |a fondy kapitálové 
610 2 0 |a spoločnosti obchodné 
610 2 0 |a obce 
610 2 0 |a financie 
610 2 0 |a vklady 
100 1 |a Tekeli, Jozef